[Event "Druga liga CS - istok"]
[Site "Nis"]
[Date "2006.09.09"]
[Round "1.1"]
[White "Lukic, Igor"]
[Black "Dimitrijevic, Srdjan"]
[Result "0-1"]
[WhiteElo "2087"]
[BlackElo "2308"]
[PlyCount "80"]
[EventDate "2006.09.09"]

1. e4 c5 2. c3 Nf6 3. e5 Nd5 4. d4 cxd4 5. Qxd4 e6 6. Nf3 Nc6 7. Qe4 f5 8. exf6
Nxf6 9. Qc2 d5 10. Bf4 Bd6 11. Bg3 O-O 12. Be2 e5 13. O-O e4 14. Nd4 Bxg3 15.
hxg3 Nxd4 16. cxd4 Bg4 17. Nc3 Qd7 18. Rae1 Bxe2 19. Qxe2 Qd6 20. Rc1 Rae8 21.
Nd1 Qb4 22. Qe3 h6 23. Qc3 Qb6 24. Ne3 Rf7 25. b4 Qe6 26. a4 Ng4 27. Rc2 Ref8
28. Nxg4 Qxg4 29. Qe3 b6 30. Rfc1 h5 31. Qe2 Qg5 32. Qe3 Qf5 33. Qe2 Rf6 34. b5
Kh7 35. Rd2 Rg6 36. Rc3 Rg4 37. Rdc2 h4 38. gxh4 Rxh4 39. Rg3 Qf6 40. Qe3 Rh5
0-1

[Event "Druga liga CS - istok"]
[Site "Nis"]
[Date "2006.09.09"]
[Round "1.1"]
[White "Manojlovic, Nebojsa"]
[Black "Petrovic, Dragan"]
[Result "0-1"]
[WhiteElo "2172"]
[BlackElo "2102"]
[PlyCount "100"]
[EventDate "2006.09.09"]

1. e4 c5 2. Nf3 d6 3. d4 cxd4 4. Nxd4 Nf6 5. Nc3 e6 6. Be2 Be7 7. O-O O-O 8.
Be3 a6 9. f4 Qc7 10. Kh1 b5 11. a3 Bb7 12. Bd3 Nbd7 13. Qf3 Nc5 14. Qh3 Ncxe4
15. Nxe4 Nxe4 16. Nxe6 Qc8 17. Ng5 Qxh3 18. Nxh3 Bf6 19. c3 Rfe8 20. Rae1 Bh4
21. Bxe4 Bxe4 22. Bf2 Bxf2 23. Nxf2 Bc2 24. g4 f5 25. h3 Kf7 26. Kg2 a5 27. Kf3
g6 28. g5 b4 29. axb4 axb4 30. Rxe8 Kxe8 31. cxb4 Ra2 32. Re1+ Kd7 33. Re2 Rxb2
34. Ke3 Rb3+ 35. Kd4 Bb1 36. Kc4 Rf3 37. Rb2 Rxf4+ 38. Kd5 Be4+ 39. Nxe4 Rxe4
40. Ra2 Re5+ 41. Kc4 f4 42. Ra7+ Ke6 43. b5 f3 44. Ra1 f2 45. Rf1 Rf5 46. Kb4
Kd5 47. Ka5 Ke4 48. Ka6 Ke3 49. b6 Ke2 50. b7 Rf8 0-1

[Event "Druga liga CS - istok"]
[Site "Nis"]
[Date "2006.09.09"]
[Round "1.1"]
[White "Jovanovic, Miroslav"]
[Black "Puzic, Slobodan"]
[Result "1/2-1/2"]
[WhiteElo "2104"]
[BlackElo "2173"]
[PlyCount "69"]
[EventDate "2006.09.09"]

1. d4 Nf6 2. Bg5 d5 3. Bxf6 exf6 4. e3 Be6 5. Bd3 Bd6 6. Nd2 c6 7. c3 Nd7 8.
Qf3 Qe7 9. Ne2 a5 10. g4 Nb6 11. h4 g6 12. h5 O-O-O 13. Nf4 Rde8 14. O-O-O Qd7
15. Nxe6 Qxe6 16. Kb1 a4 17. Bc2 a3 18. b4 Kc7 19. Bb3 Qe7 20. b5 Qe6 21. bxc6
bxc6 22. e4 Nc4 23. Bxc4 dxc4 24. Kc2 Rb8 25. Rb1 Rhe8 26. Rxb8 Rxb8 27. Rb1
Re8 28. hxg6 hxg6 29. Qe2 Bf4 30. Qxc4 Bxd2 31. Qxe6 Rxe6 32. Kxd2 Rxe4 33. f3
Re8 34. Rb4 Rh8 35. Kc2 1/2-1/2

[Event "Druga liga CS - istok"]
[Site "Nis"]
[Date "2006.09.09"]
[Round "1.1"]
[White "Djukic, Nebojsa"]
[Black "Lepojevic, Nebojsa"]
[Result "0-1"]
[WhiteElo "2182"]
[BlackElo "2071"]
[PlyCount "43"]
[EventDate "2006.09.09"]

1. e4 c5 2. c4 e6 3. Nc3 Nc6 4. Nge2 Nf6 5. d4 d5 6. cxd5 exd5 7. exd5 Nxd5 8.
Nxd5 Qxd5 9. Be3 cxd4 10. Nxd4 Bb4+ 11. Ke2 O-O 12. f3 Re8 13. Nc2 Qe5 14. Kf2
Bf5 15. Bd3 Rad8 16. f4 Qf6 17. Nxb4 Nxb4 18. Bxf5 Rxd1 19. Raxd1 Qxf5 20. Rd2
Nd3+ 21. Ke2 Nxf4+ 22. Kd1 0-1

[Event "Druga liga CS - istok"]
[Site "Donja Studena"]
[Date "2006.09.17"]
[Round "1.2"]
[White "Kajganovic, Miodrag"]
[Black "Djukic, Zeljko"]
[Result "0-1"]
[WhiteElo "2250"]
[BlackElo "2409"]
[PlyCount "100"]
[EventDate "2006.09.21"]

1. d4 Nf6 2. c4 c5 3. e3 e6 4. Nc3 cxd4 5. exd4 d5 6. Nf3 Bb4 7. cxd5 Nxd5 8.
Bd2 O-O 9. Bd3 Nf6 10. O-O Nbd7 11. a3 Bxc3 12. bxc3 b6 13. Qe2 Bb7 14. Rfd1
Qc7 15. c4 Rfe8 16. Ne5 Nxe5 17. dxe5 Nd7 18. f4 f5 19. Qe3 Nc5 20. Bf1 Red8
21. Be1 Bc6 22. Bh4 Rd7 23. Rab1 Rf8 24. Be2 Rff7 25. Be1 Be4 26. Rbc1 Qc6 27.
Qg3 Rxd1 28. Rxd1 Rd7 29. Rxd7 Qxd7 30. Qe3 Bd3 31. Bf2 Bxe2 32. Qxe2 Ne4 33.
Be3 h6 34. Qc2 Kf7 35. Kf1 g5 36. g3 Kg6 37. Kg1 g4 38. Kf1 h5 39. Kg1 h4 40.
Bf2 h3 41. Be3 Kf7 42. Kf1 Ke8 43. Kg1 Kd8 44. a4 Kc8 45. Kf1 Kb7 46. Kg1 Qc6
47. Kf1 Ka6 48. Qb3 Ka5 49. Qc2 Ka6 50. Qb3 Kb7 0-1

[Event "Druga liga CS - istok"]
[Site "Donja Studena"]
[Date "2006.09.17"]
[Round "1.2"]
[White "Petkovic, Dragoslav"]
[Black "Djokic, Vladan"]
[Result "1-0"]
[WhiteElo "2305"]
[BlackElo "2304"]
[PlyCount "137"]
[EventDate "2006.09.21"]

1. e4 c5 2. Nf3 e6 3. d3 Nc6 4. Nbd2 g6 5. g3 Bg7 6. Bg2 Nge7 7. O-O O-O 8. Re1
d6 9. c3 e5 10. a4 a6 11. Nc4 Rb8 12. a5 Be6 13. Qa4 h6 14. Nb6 g5 15. Nd2 Kh7
16. Nd5 Na7 17. Qd1 Nxd5 18. exd5 Bf5 19. Nc4 Nb5 20. Ne3 Bg6 21. g4 Na7 22.
Be4 Nc8 23. Bf5 Ne7 24. Qf3 Bxf5 25. gxf5 f6 26. Kg2 Qe8 27. h4 Kg8 28. Rh1 Qf7
29. Qe4 h5 30. Ra3 g4 31. Rb3 Kh7 32. Nc4 Rfd8 33. Rb6 Nc8 34. Rb3 Ne7 35. Nb6
Bh6 36. Be3 g3 37. Bxh6 Kxh6 38. fxg3 Rg8 39. Nc4 Qxd5 40. Rb6 Qxe4+ 41. dxe4
Nc8 42. Rb3 Rg4 43. Re1 d5 44. Nd2 d4 45. Nc4 Rg7 46. Kf3 Rd7 47. Rd1 Kg7 48.
g4 hxg4+ 49. Kxg4 b5 50. axb6 Nd6 51. Nxd6 Rxd6 52. cxd4 cxd4 53. b7 Rd7 54.
Rb6 Rbxb7 55. Rxa6 Rxb2 56. Kh5 Rg2 57. Rda1 d3 58. Ra7 Rf7 59. Ra8 d2 60. Rd8
Rf8 61. Rd7+ Rf7 62. Rd8 Re2 63. Raa8 Rc7 64. Rg8+ Kf7 65. Kh6 Ke7 66. Rg7+ Kd6
67. Rd8+ Kc6 68. Rg3 Kb5 69. Kg6 1-0

[Event "Druga liga CS - istok"]
[Site "Donja Studena"]
[Date "2006.09.17"]
[Round "1.2"]
[White "Keca, Dragomir"]
[Black "Biljanic, Ljubomir"]
[Result "0-1"]
[WhiteElo "2221"]
[BlackElo "2267"]
[PlyCount "64"]
[EventDate "2006.09.21"]

1. c4 Nf6 2. Nf3 e6 3. g3 d5 4. Bg2 Bd6 5. d4 c6 6. O-O Nbd7 7. Nc3 O-O 8. c5
Bc7 9. Bf4 Bxf4 10. gxf4 Nh5 11. e3 g6 12. b4 f6 13. Kh1 Qe7 14. Rg1 e5 15. f5
exd4 16. Nxd4 Ng7 17. e4 dxe4 18. Nxe4 g5 19. Nd6 Ne5 20. f4 gxf4 21. Qd2 Kh8
22. Qxf4 a5 23. a3 Ne8 24. Rad1 axb4 25. axb4 Rg8 26. Rge1 Bd7 27. Ne6 Bxe6 28.
fxe6 Qxe6 29. Rxe5 fxe5 30. Nf7+ Kg7 31. Nxe5 Nf6 32. Bh3 Qe7 0-1

[Event "Druga liga CS - istok"]
[Site "Donja Studena"]
[Date "2006.09.17"]
[Round "1.2"]
[White "Kulak, Dejan"]
[Black "Zivkovic, Branimir"]
[Result "0-1"]
[WhiteElo "2279"]
[BlackElo "2190"]
[PlyCount "92"]
[EventDate "2006.09.21"]

1. e4 c5 2. Nf3 e6 3. c3 Nf6 4. e5 Nd5 5. d4 cxd4 6. cxd4 Nc6 7. Nc3 Nxc3 8.
bxc3 d6 9. exd6 Bxd6 10. Bd3 Bd7 11. O-O Rc8 12. Ng5 Be7 13. Qh5 Bxg5 14. Bxg5
Qa5 15. Rac1 h6 16. f4 Rf8 17. f5 hxg5 18. Qxg5 g6 19. h4 gxf5 20. h5 Ne7 21.
c4 Rg8 22. Qe3 b5 23. cxb5 Qxa2 24. Rf2 Rxc1+ 25. Qxc1 Qa4 26. Qc5 Qd1+ 27. Bf1
Qxh5 28. Qxa7 Rh8 29. Qa8+ Bc8 30. g3 Kf8 31. b6 Kg7 32. Bg2 Qd1+ 33. Bf1 Qxd4
34. b7 Bxb7 35. Qxb7 Nd5 36. Bg2 Nf6 37. Qb2 Qxb2 38. Rxb2 Rc8 39. Bf3 Rc3 40.
Kg2 Ra3 41. Rd2 Kg6 42. Rb2 Nd7 43. Re2 Kf6 44. Rc2 Ne5 45. Be2 Ng6 46. Bf3 f4
0-1

[Event "Druga liga CS - istok"]
[Site "Donja Studena"]
[Date "2006.09.17"]
[Round "1.2"]
[White "Ilic, Slobodan"]
[Black "Pantic, Milivoje"]
[Result "1/2-1/2"]
[WhiteElo "2225"]
[BlackElo "2275"]
[PlyCount "40"]
[EventDate "2006.09.21"]

1. e4 e5 2. Nf3 Nc6 3. Bb5 Nf6 4. d3 d6 5. h3 Be7 6. O-O O-O 7. c3 Bd7 8. Re1
Re8 9. Nbd2 Bf8 10. Nf1 Ne7 11. Bc4 Be6 12. Bxe6 fxe6 13. Qb3 Qc8 14. d4 Ng6
15. Ng3 h6 16. Be3 c5 17. dxc5 dxc5 18. Qc4 Qc6 19. a4 a6 20. a5 Qb5 1/2-1/2

[Event "Druga liga CS - istok"]
[Site "Donja Studena"]
[Date "2006.09.17"]
[Round "1.2"]
[White "Djukic, Stevan"]
[Black "Stankovic, Dejan"]
[Result "1/2-1/2"]
[WhiteElo "2179"]
[BlackElo "2208"]
[PlyCount "49"]
[EventDate "2006.09.21"]

1. d4 d5 2. Nf3 Nf6 3. c4 c6 4. Qc2 Bg4 5. Ne5 Bh5 6. Qb3 Qb6 7. c5 Qxb3 8.
axb3 Nbd7 9. Nxd7 Nxd7 10. b4 a6 11. Bf4 f6 12. e3 e5 13. Bg3 Rc8 14. Nd2 Be7
15. Nb3 Bd8 16. Na5 Bxa5 17. bxa5 O-O 18. Ra4 Rfe8 19. Kd2 Re7 20. Rb4 Rce8 21.
Rxb7 Nxc5 22. Rxe7 Ne4+ 23. Kc2 Rxe7 24. dxe5 Bg6 25. Bd3 1/2-1/2

[Event "Druga liga CS - istok"]
[Site "Pirot"]
[Date "2006.09.09"]
[Round "1.3"]
[White "Djordjevic, Nebojsa"]
[Black "Nikolic, Boban"]
[Result "1/2-1/2"]
[WhiteElo "2265"]
[BlackElo "2222"]
[PlyCount "27"]
[EventDate "2006.09.09"]

1. d4 Nf6 2. c4 g6 3. Nc3 d5 4. Nf3 Bg7 5. e3 O-O 6. Be2 c6 7. cxd5 cxd5 8. O-O
Nc6 9. a3 b6 10. b4 Bb7 11. Bb2 Qd6 12. Rc1 Rfc8 13. Qb3 e6 14. Rfd1 1/2-1/2

[Event "Druga liga CS - istok"]
[Site "Pirot"]
[Date "2006.09.09"]
[Round "1.3"]
[White "Todorovic, Bojan"]
[Black "Rilak, Slavoljub"]
[Result "1/2-1/2"]
[WhiteElo "2294"]
[BlackElo "2077"]
[PlyCount "45"]
[EventDate "2006.09.09"]

1. e4 c5 2. Nf3 Nc6 3. Bb5 d6 4. O-O a6 5. Bxc6+ bxc6 6. h3 e5 7. c3 Nf6 8. d3
Be7 9. Nbd2 O-O 10. Nc4 Be6 11. Qa4 Qc7 12. Bg5 h6 13. Be3 Nd7 14. d4 exd4 15.
cxd4 d5 16. Ncd2 c4 17. Rac1 f5 18. exf5 Bxf5 19. Rfe1 Bd6 20. b3 Bd3 21. bxc4
Nb6 22. Qa5 Nxc4 23. Nxc4 1/2-1/2

[Event "Druga liga CS - istok"]
[Site "Jagodina"]
[Date "2006.09.09"]
[Round "1.4"]
[White "Djokic, Nebojsa"]
[Black "Markovic, Milan"]
[Result "0-1"]
[WhiteElo "2256"]
[BlackElo "2323"]
[PlyCount "112"]
[EventDate "2006.09.09"]

1. e4 c5 2. Nf3 Nc6 3. d4 cxd4 4. Nxd4 g6 5. c4 Bg7 6. Be3 Nf6 7. Nc3 O-O 8.
Be2 b6 9. O-O Bb7 10. f4 Rc8 11. e5 Ne8 12. Qa4 Nxd4 13. Bxd4 Ra8 14. Rad1 Bc6
15. Qb3 Nc7 16. Bf3 Qb8 17. Nd5 Bxd5 18. cxd5 d6 19. exd6 Bxd4+ 20. Rxd4 exd6
21. f5 Qd8 22. Qd3 Re8 23. Rc4 Re5 24. fxg6 hxg6 25. Rfc1 Ne8 26. Rc6 Qe7 27.
Qd2 Rd8 28. Kf1 Qh4 29. g3 Qh3+ 30. Kg1 Rd7 31. Bg2 Qh5 32. Qf4 Re2 33. g4 Qh4
34. R6c2 Rde7 35. Rxe2 Rxe2 36. Rf1 Qe7 37. Qd4 Qg5 38. Rf2 Rxf2 39. Kxf2 Nf6
40. h3 Nd7 41. Qe3 Qf6+ 42. Kg3 Qxb2 43. Qe8+ Nf8 44. Qe7 Qc3+ 45. Bf3 Qa3 46.
h4 Kg7 47. h5 Nh7 48. h6+ Kxh6 49. Qxf7 Qe3 50. Qe6 Qg1+ 51. Bg2 Ng5 52. Qe8
Kg7 53. Qe7+ Nf7 54. Qe6 b5 55. g5 Nxg5 56. Qd7+ Kh6 0-1

[Event "Druga liga CS - istok"]
[Site "Jagodina"]
[Date "2006.09.09"]
[Round "1.4"]
[White "Popovic, Djordje"]
[Black "Garic, Radomir"]
[Result "0-1"]
[WhiteElo "2312"]
[BlackElo "2210"]
[PlyCount "89"]
[EventDate "2006.09.09"]

1. d4 Nf6 2. c4 c5 3. d5 b5 4. cxb5 a6 5. bxa6 g6 6. Nc3 Bxa6 7. e4 Bxf1 8.
Kxf1 d6 9. g3 Bg7 10. Kg2 O-O 11. Nf3 Nbd7 12. h3 Qb8 13. Re1 Qb7 14. Re2 Nb6
15. Qc2 Nfd7 16. b3 f5 17. Bb2 fxe4 18. Qxe4 Bxc3 19. Bxc3 Qxd5 20. Qg4 Rf5 21.
Rxe7 Ne5 22. Bxe5 dxe5 23. Re1 Raf8 24. R7xe5 Qxf3+ 25. Qxf3 Rxf3 26. R1e2 R3f5
27. Rxf5 Rxf5 28. Re6 Nd7 29. Rc6 Kf7 30. f4 Rd5 31. Kf3 Rd3+ 32. Kg4 Nf6+ 33.
Kh4 Ne4 34. g4 Nf2 35. Rc7+ Kf6 36. Rc6+ Ke7 37. Kg5 Nxh3+ 38. Kh6 Nxf4 39.
Kxh7 Rh3+ 40. Kg8 g5 41. Rxc5 Kf6 42. Rf5+ Kg6 43. Rb5 Ne6 44. a4 Rd3 45. Rb8
0-1

[Event "Druga liga CS - istok"]
[Site "Jagodina"]
[Date "2006.09.09"]
[Round "1.4"]
[White "Rajkovic, Ljubisa"]
[Black "Komnenic, Branko"]
[Result "1/2-1/2"]
[WhiteElo "2207"]
[BlackElo "2238"]
[PlyCount "23"]
[EventDate "2006.09.09"]

1. b3 d5 2. Bb2 Bg4 3. g3 e6 4. Bg2 Nf6 5. Nf3 Nbd7 6. O-O Be7 7. c4 O-O 8. d3
c6 9. Nbd2 a5 10. h3 Bh5 11. g4 Bg6 12. Nh4 1/2-1/2

[Event "Druga liga CS - istok"]
[Site "?"]
[Date "2006.10.26"]
[Round "1.5"]
[White "Vasic, Zarko"]
[Black "Nikolic, Zeljko"]
[Result "1/2-1/2"]
[WhiteElo "2245"]
[BlackElo "2081"]
[PlyCount "21"]
[EventDate "2006.??.??"]

1. e4 e6 2. d4 d5 3. exd5 exd5 4. Nf3 Bd6 5. Bd3 Ne7 6. O-O O-O 7. Nc3 c6 8.
Bg5 h6 9. Be3 Nd7 10. Qd2 f5 11. Rfe1 1/2-1/2

[Event "Druga liga CS - istok"]
[Site "Bor"]
[Date "2006.09.09"]
[Round "1.6"]
[White "Pavlovic, Dejan"]
[Black "Vojinovic, Goran"]
[Result "0-1"]
[WhiteElo "2308"]
[BlackElo "2461"]
[PlyCount "99"]
[EventDate "2006.09.09"]

1. c4 e5 2. Nc3 Nc6 3. g3 f5 4. Bg2 Nf6 5. e3 d5 6. Nxd5 Nxd5 7. cxd5 Nb4 8. d3
Nxd5 9. a3 c6 10. Ne2 Bd6 11. O-O Nf6 12. b4 O-O 13. Qb3+ Kh8 14. a4 Qe7 15. b5
Be6 16. Qc2 c5 17. f4 exf4 18. Nxf4 Bg8 19. Bd2 Rac8 20. e4 fxe4 21. dxe4 Be5
22. Rae1 Bd4+ 23. Kh1 Ng4 24. h3 Ne5 25. Nd5 Qd6 26. Bf4 Rfe8 27. Rd1 Qd7 28.
Kh2 Ng6 29. Bc1 Qd6 30. Nf4 Ne5 31. Nd5 Qd8 32. Bd2 Qd6 33. Bf4 h6 34. Qc1 Rcd8
35. Qc2 Bh7 36. Qa2 Qe6 37. Qe2 Rf8 38. Bc1 Rf7 39. Rxf7 Nxf7 40. Re1 Be5 41.
Bf4 b6 42. Rf1 Bxf4 43. Nxf4 Qe7 44. Qh5 Ne5 45. Nd5 Qd6 46. Qe2 c4 47. Qh5 Bg6
48. Qh4 Re8 49. Rc1 Qa3 50. Rc3 0-1

[Event "Druga liga CS - istok"]
[Site "Bor"]
[Date "2006.09.09"]
[Round "1.6"]
[White "Raicevic, Vladimir"]
[Black "Stevanovic, Sladjan"]
[Result "1-0"]
[WhiteElo "2446"]
[BlackElo "2253"]
[PlyCount "99"]
[EventDate "2006.09.09"]

1. d4 Nf6 2. Nf3 d5 3. c4 e6 4. Nc3 Bb4 5. Qa4+ Nc6 6. e3 O-O 7. Bd2 dxc4 8.
Bxc4 a6 9. O-O Bd6 10. Rad1 e5 11. dxe5 Nxe5 12. Nxe5 Bxe5 13. Be2 Bd7 14. Qh4
Bc6 15. Bc1 Qe7 16. f3 Rad8 17. Qc4 Bd6 18. e4 Qe5 19. g3 Bc5+ 20. Kg2 b5 21.
Qb3 h6 22. Qc2 b4 23. Na4 Nxe4 24. Nxc5 Nxc5 25. Bf4 Qh5 26. Be3 Rde8 27. Bxc5
Rxe2+ 28. Qxe2 Qxc5 29. Rc1 Qb6 30. Qf2 Qb7 31. Qc5 Bd5 32. Qxc7 Qxc7 33. Rxc7
Bxa2 34. Ra1 b3 35. Rd1 Re8 36. Kf2 a5 37. g4 a4 38. Ra7 Rc8 39. Rd2 Bb1 40.
Rxa4 Rc7 41. h4 Bc2 42. Rad4 f5 43. Rd7 Rc4 44. R2d4 Rc5 45. R4d5 Rxd5 46. Rxd5
fxg4 47. fxg4 Kf8 48. Rd6 Ke7 49. Rb6 Bd1 50. Kg3 1-0

[Event "Druga liga CS - istok"]
[Site "Bor"]
[Date "2006.09.09"]
[Round "1.6"]
[White "Panic, Milan"]
[Black "Milenkovic, Mladen"]
[Result "0-1"]
[WhiteElo "2167"]
[BlackElo "2349"]
[PlyCount "68"]
[EventDate "2006.09.09"]

1. e4 c5 2. Nf3 d6 3. d4 cxd4 4. Nxd4 Nf6 5. Nc3 g6 6. Be3 Bg7 7. Be2 O-O 8.
O-O Nc6 9. Qd2 Bd7 10. Rfd1 Nxd4 11. Bxd4 Bc6 12. f3 Qc7 13. a4 Rfd8 14. Nb5
Bxb5 15. axb5 Nd7 16. Bxg7 Kxg7 17. Ra3 f6 18. Rc3 Qb6+ 19. Qd4 Rdc8 20. Bc4 a6
21. bxa6 bxa6 22. Qxb6 Nxb6 23. Be6 Rxc3 24. bxc3 Na4 25. Rb1 Ra7 26. Kf2 Nxc3
27. Rb8 h6 28. h4 a5 29. Rc8 Na4 30. g4 Nc5 31. Bc4 Rb7 32. Rg8+ Kh7 33. h5
gxh5 34. gxh5 Rb2 0-1

[Event "Druga liga CS - istok"]
[Site "Bor"]
[Date "2006.09.09"]
[Round "1.6"]
[White "Jevtic, Sasa"]
[Black "Stojanovic, Ivan"]
[Result "1-0"]
[WhiteElo "2123"]
[BlackElo "2234"]
[PlyCount "89"]
[EventDate "2006.09.09"]

1. d4 Nf6 2. Nf3 g6 3. c4 Bg7 4. Nc3 O-O 5. e4 d6 6. Be2 e5 7. O-O Nc6 8. d5
Ne7 9. Ne1 Nd7 10. f3 f5 11. g4 Kh8 12. Be3 Ng8 13. Ng2 b6 14. b4 a5 15. a3
Ndf6 16. h3 h5 17. g5 Nh7 18. h4 f4 19. Bf2 Nxg5 20. hxg5 Qxg5 21. Kh2 Nf6 22.
Rh1 axb4 23. axb4 Rxa1 24. Qxa1 Ng4+ 25. fxg4 f3 26. Be3 Qxg4 27. Qf1 fxg2 28.
Qxg2 Qh4+ 29. Kg1 Qe1+ 30. Kh2 Qxc3 31. Bg5 Qxb4 32. Rg1 Qc5 33. Rf1 Rxf1 34.
Qxf1 Qd4 35. Bd8 Qc5 36. Qg2 c6 37. dxc6 Qxc6 38. Qxg6 Qd7 39. Qxh5+ Kg8 40.
Bxb6 Qf7 41. Qg5 Qf6 42. Qh5 Qf4+ 43. Kg2 Qxe4+ 44. Bf3 Qc2+ 45. Kg3 1-0

[Event "Druga liga CS - istok"]
[Site "Bor"]
[Date "2006.09.09"]
[Round "1.6"]
[White "Kolbert, Engelbert"]
[Black "Milosevic, Aleksandar"]
[Result "1/2-1/2"]
[WhiteElo "2158"]
[BlackElo "2255"]
[PlyCount "44"]
[EventDate "2006.09.09"]

1. e4 c5 2. c3 d5 3. exd5 Qxd5 4. d4 Nf6 5. Nf3 e6 6. Na3 Qd8 7. Bf4 Nc6 8.
dxc5 Nd5 9. Bd6 Bxd6 10. cxd6 Qxd6 11. Nb5 Qe7 12. c4 a6 13. cxd5 exd5+ 14. Be2
axb5 15. O-O b4 16. Qxd5 Be6 17. Qd2 Ra5 18. Rfe1 O-O 19. Bc4 Qd8 20. Bxe6 Qxd2
21. Nxd2 fxe6 22. a3 Rfa8 1/2-1/2